[Event "Superettan(Orgryte-Kristineberg)"]
[Site "?"]
[Date "2025.01.19"]
[Round "6"]
[White "Grujic, Matej"]
[Black "Eksmyr, Johan"]
[Result "0-1"]
[WhiteElo "2215"]
[BlackElo "2097"]
[PlyCount "102"]
[SourceVersionDate "2025.02.10"]

1. e4 c6 2. d4 d5 3. f3 dxe4 4. fxe4 e5 5. Nf3 Bg4 6. Bc4 Nd7 7. O-O Ngf6 8. c3 Bd6 9. Qb3 O-O 10. Qxb7 Qe7 11. Nbd2 Rab8 12. Qa6 Nb6 13. Bd3 Nh5 14. Re1 Nf4 15. Bf1 Qf6 16. dxe5 Bc5+ 17. Kh1 Qg6 18. Nh4 Qh5 19. Ndf3 g5 20. Bxf4 gxf4 21. Qe2 Nd7 22. h3 Nxe5 23. hxg4 Nxg4 24. g3 Nf2+ 25. Kg2 Qg4 26. Qxf2 Bxf2 27. Kxf2 Rxb2+ 28. Kg1 Qxg3+ 29. Kh1 Kh8 30. Rab1 Rf2 31. Re2 Rxe2 32. Bxe2 Qh3+ 33. Kg1 Qe6 34. Rb4 Qxa2 35. Kf2 c5 36. Rc4 Qa3 37. Ng2 a5 38. Nxf4 a4 39. Nd3 Rc8 40. Nd4 h5 41. Nf5 Qb3 42. Nd6 Rc7 43. Nc1 Qb6 44. e5 a3 45. Rh4 Qb1 46. Rxh5+ Kg8 47. Ne8 Rc6 48. Nf6+ Rxf6+ 49. exf6 Qxc1 50. Rxc5 Qf4+ 51. Kg2 Qxf6 0-1

[Event "Superettan(Wasa II-Farsta)"]
[Site "?"]
[Date "2025.01.19"]
[Round "6"]
[White "Lilliehook, Victor"]
[Black "Hjelm, Niclas"]
[Result "1/2-1/2"]
[WhiteElo "1944"]
[BlackElo "2261"]
[PlyCount "107"]
[SourceVersionDate "2025.02.09"]

1. e4 c5 2. Nf3 e6 3. d3 Nc6 4. g3 d6 5. Bg2 e5 6. O-O Nf6 7. c3 Be7 8. a3 O-O 9. b4 a6 10. Re1 b5 11. d4 cxd4 12. cxd4 Bg4 13. d5 Nd4 14. Be3 Nd7 15. Ra2 Bf6 16. Nbd2 a5 17. Qa1 Bxf3 18. Nxf3 axb4 19. axb4 Nc2 20. Rxa8 Qxa8 21. Qxa8 Rxa8 22. Rc1 Nxb4 23. Rb1 Nc2 24. Rxb5 Nxe3 25. fxe3 Nc5 26. Nd2 g6 27. Kf2 Ra4 28. Ke2 Kg7 29. Bf3 h5 30. h3 Bd8 31. g4 hxg4 32. hxg4 Kh6 33. Kd1 Kg5 34. Ke2 Kh4 35. Rb1 Ba5 36. Nb3 Bb4 37. Rh1+ Kg5 38. Nxc5 Ra2+ 39. Kd1 Bxc5 40. Re1 Ra3 41. Kc2 Bxe3 42. Be2 Bc5 43. Bb5 Rf3 44. Bd7 Rf2+ 45. Kd3 Kf4 46. Re2 Rxe2 47. Kxe2 Kxe4 48. Be8 f6 49. Bxg6+ Kxd5 50. Kd3 Kc6 51. Be8+ Kc7 52. Ke4 Bf2 53. Bf7 Bh4 54. Bd5 1/2-1/2

[Event "Superettan(Vasteras-Rockaden,Sthlm II)"]
[Site "?"]
[Date "2025.01.19"]
[Round "6"]
[White "Bjorkman, Filip"]
[Black "Sakic, Matija"]
[Result "0-1"]
[WhiteElo "2141"]
[BlackElo "1977"]
[PlyCount "116"]
[SourceVersionDate "2025.02.09"]

1. e4 d5 2. exd5 Nf6 3. d4 Bg4 4. Nf3 Qxd5 5. Nc3 Qh5 6. Be2 Nc6 7. h3 O-O-O 8. O-O Nxd4 9. Nxd4 Bxe2 10. Ncxe2 e5 11. c3 exd4 12. cxd4 Bc5 13. Qc2 Bd6 14. Nc3 Rhe8 15. Be3 Nd5 16. Nxd5 Qxd5 17. Rac1 g5 18. Qc4 Qf5 19. Qc2 Qf6 20. Qxh7 Rh8 21. Qe4 Rh4 22. f4 Rg8 23. Rf3 g4 24. Rg3 Rgh8 25. Rxg4 Rxg4 26. hxg4 Qh4 27. Qf3 Rg8 28. g5 Rh8 29. Qh3+ Qxh3 30. gxh3 Rxh3 31. Re1 Rh4 32. Rf1 Rh3 33. Bd2 Kd7 34. Kg2 Rd3 35. Bc3 Re3 36. Rf3 Re2+ 37. Kg3 Ke6 38. Kg4 Rg2+ 39. Kh3 Rg1 40. f5+ Kd5 41. Bd2 Rh1+ 42. Kg4 Rg1+ 43. Kh5 Rh1+ 44. Kg4 Rg1+ 45. Kh5 Rh1+ 46. Kg4 Rg1+ 47. Kh4 Ke4 48. Re3+ Kxf5 49. Rf3+ Kg6 50. Rf6+ Kg7 51. Bc3 Be7 52. Rf5 Kg6 53. Rd5 Bxg5+ 54. Kh3 Bf4 55. Rd8 Rg3+ 56. Kh4 Rxc3 57. Rg8+ Kh7 58. Rg4 Rf3 0-1

[Event "Superettan(Orgryte-Kristineberg)"]
[Site "?"]
[Date "2025.01.19"]
[Round "6"]
[White "Troberg Eskola, Love"]
[Black "Engstrom, Kaj"]
[Result "1-0"]
[WhiteElo "2086"]
[BlackElo "2171"]
[PlyCount "123"]
[SourceVersionDate "2025.02.10"]

1. c4 e5 2. Nc3 Nc6 3. g3 Nf6 4. Bg2 Bc5 5. e3 O-O 6. Nge2 Re8 7. a3 a5 8. O-O d6 9. d4 exd4 10. exd4 Ba7 11. h3 Bf5 12. Be3 Ne4 13. Nxe4 Bxe4 14. Bxe4 Rxe4 15. Nc3 Re8 16. Kg2 Ne7 17. Qf3 c6 18. Rfd1 d5 19. c5 Bb8 20. Rab1 Bc7 21. Rd3 Qd7 22. Na4 Nf5 23. Bf4 g6 24. Bxc7 Qxc7 25. Nb6 Rad8 26. Rbd1 Re4 27. Na4 Rde8 28. Nc3 Qe7 29. R3d2 Re6 30. Kg1 Kg7 31. Rd3 Qg5 32. Kh2 h5 33. Rg1 Rf6 34. Qd1 h4 35. g4 Nh6 36. Qd2 Qf4+ 37. Qxf4 Rxf4 38. Kg2 f5 39. g5 Nf7 40. Kf1 Kf8 41. f3 Nd8 42. Ne2 Ne6 43. Re3 Kf7 44. Rxe6 Rxf3+ 45. Kg2 Rb3 46. Rxe8 Kxe8 47. Rb1 Rd3 48. Nf4 Rg3+ 49. Kf2 Rxg5 50. Re1+ Kf7 51. Ne6 Rg3 52. Nd8+ Kf6 53. Re3 Rg5 54. Nxb7 Rh5 55. Nxa5 f4 56. Rf3 Kf5 57. Nxc6 g5 58. Ne5 Ke4 59. c6 Rh8 60. Rc3 g4 61. Nxg4 Kxd4 62. c7 1-0

[Event "Superettan(Farsta-Schack 08)"]
[Site "?"]
[Date "2025.01.18"]
[Round "5"]
[White "Ask, Josef"]
[Black "Wieweg, Johnny"]
[Result "1-0"]
[WhiteElo "2084"]
[BlackElo "2071"]
[PlyCount "67"]
[SourceVersionDate "2025.02.08"]

1. b3 Nf6 2. Bb2 g6 3. Bxf6 exf6 4. c4 Bg7 5. Nc3 f5 6. Rc1 O-O 7. Nh3 d6 8. g3 Nd7 9. Bg2 Re8 10. O-O c6 11. Nf4 Nf6 12. e3 Bd7 13. d4 Qa5 14. Qc2 Rad8 15. Rfd1 g5 16. Nfe2 d5 17. b4 Qxb4 18. cxd5 Qd6 19. dxc6 bxc6 20. Qa4 Qc7 21. Qa6 Ne4 22. Nxe4 fxe4 23. d5 c5 24. Qc4 Bg4 25. Rd2 Qe5 26. Nc3 Bf5 27. Nb5 a6 28. Na7 Bd7 29. Qxc5 Qb8 30. d6 f5 31. Qc4+ Be6 32. Qxa6 Qb4 33. Rcd1 Bd7 34. Nc6 1-0

[Event "Superettan(Kristineberg-Skara)"]
[Site "?"]
[Date "2025.01.18"]
[Round "5"]
[White "Johansson, Per"]
[Black "Rasmussen, Rogvi Winthereig"]
[Result "0-1"]
[WhiteElo "1850"]
[BlackElo "2153"]
[PlyCount "84"]
[SourceVersionDate "2025.02.09"]

1. d4 Nf6 2. Nc3 d5 3. Bf4 e6 4. a3 Bd6 5. e3 Bxf4 6. exf4 Qd6 7. Qd2 O-O 8. Nf3 Rd8 9. Bd3 b6 10. O-O Bb7 11. Rfe1 c5 12. g3 Nc6 13. Bf1 Rac8 14. Rad1 Ne4 15. Qe3 cxd4 16. Nxd4 Nxc3 17. Qxc3 Nxd4 18. Qxd4 Rxc2 19. Bd3 Rc7 20. Re2 Qc5 21. Qa4 d4 22. Re5 Qd6 23. Rde1 Bc6 24. Qd1 g6 25. h4 Bb7 26. h5 Rc5 27. Qg4 Rxe5 28. Rxe5 Qc6 29. Be4 Qc1+ 30. Kh2 Bxe4 31. Rxe4 Qc5 32. Re5 Qe7 33. h6 d3 34. Qd1 Qf8 35. Qd2 Qxh6+ 36. Kg2 Qf8 37. g4 Qd6 38. g5 Qc7 39. Kg3 Qc2 40. Qb4 d2 41. Qe7 d1=Q 42. Rxe6 Qg1+ 0-1

[Event "Superettan(Farsta-Schack 08)"]
[Site "?"]
[Date "2025.01.18"]
[Round "5"]
[White "Jaderberg, Bjorn"]
[Black "Stenman, Christoffer"]
[Result "1-0"]
[WhiteElo "2133"]
[BlackElo "1939"]
[PlyCount "55"]
[SourceVersionDate "2025.02.08"]

1. f4 g6 2. Nf3 Bg7 3. e3 c5 4. c4 Nf6 5. Nc3 O-O 6. Be2 Nc6 7. e4 d6 8. O-O a6 9. Kh1 Nd4 10. d3 Rb8 11. Nxd4 cxd4 12. Nd5 b5 13. Nxf6+ Bxf6 14. cxb5 Rxb5 15. a4 Rb8 16. f5 g5 17. Qe1 h6 18. b4 Bd7 19. Bd1 Qc8 20. Bd2 Be5 21. Qe2 Be8 22. Qh5 f6 23. Qxh6 d5 24. Bb3 e6 25. fxe6 Rb7 26. Bxd5 Rh7 27. e7+ Rff7 28. Qf8# 1-0

[Event "Superettan(Kristineberg-Skara)"]
[Site "?"]
[Date "2025.01.18"]
[Round "5"]
[White "Abedinov, Adnan"]
[Black "Cederqvist, Niclas"]
[Result "1-0"]
[WhiteElo "2158"]
[BlackElo "1961"]
[PlyCount "49"]
[SourceVersionDate "2025.02.09"]

1. e4 c5 2. Nf3 e6 3. d4 cxd4 4. Nxd4 a6 5. Nc3 Qc7 6. Bd3 Nf6 7. Qe2 d6 8. f4 Nc6 9. Nxc6 bxc6 10. e5 Nd5 11. O-O Nxc3 12. bxc3 g6 13. exd6 Bxd6 14. f5 Bxh2+ 15. Kh1 Be5 16. Bh6 gxf5 17. Rae1 f6 18. Bc4 c5 19. Rd1 Ke7 20. Qh5 Rg8 21. Rxf5 Rg6 22. Bf4 Ke8 23. Bxe5 fxe5 24. Rxe5 Kf7 25. Qxh7+ 1-0

[Event "Superettan(Vasteras-Wasa II)"]
[Site "?"]
[Date "2025.01.18"]
[Round "5"]
[White "Mustaps, Matiss"]
[Black "Akesson, Ralf"]
[Result "0-1"]
[WhiteElo "2360"]
[BlackElo "2336"]
[PlyCount "120"]
[SourceVersionDate "2025.02.07"]

1. e4 c6 2. d4 d5 3. Nc3 dxe4 4. Nxe4 Nd7 5. Bc4 Ngf6 6. Ng5 e6 7. Qe2 Nb6 8. Bd3 h6 9. N5f3 c5 10. Be3 Qc7 11. Ne5 cxd4 12. Bxd4 Bc5 13. Bxc5 Qxc5 14. Ngf3 O-O 15. O-O-O Nbd5 16. g4 Nf4 17. Qd2 Nxd3+ 18. Qxd3 b6 19. Rhg1 Bb7 20. g5 hxg5 21. Rxg5 Be4 22. Qe2 Rac8 23. Nd4 Rfd8 24. Nxf7 Qxd4 25. Nh6+ Kf8 26. Rxd4 Rxd4 27. c3 gxh6 28. Re5 Kf7 29. Qe3 Rd3 30. Qxh6 Bf5 31. Qf4 Rg8 32. Rxf5 exf5 33. Qxf5 Rgd8 34. f4 Rd1+ 35. Kc2 R8d2+ 36. Kb3 Rf1 37. Qc8 Rff2 38. Qc7+ Kg6 39. Qxa7 Rxb2+ 40. Kc4 Rxf4+ 41. Kd3 Rh4 42. a4 Rhxh2 43. Kc4 Rh5 44. Qb8 Rh4+ 45. Kd3 Rxa4 46. Qg3+ Rg4 47. Qd6 b5 48. Qb8 Rc4 49. Qg3+ Kf7 50. Qg1 Rb3 51. Qa7+ Kg8 52. Qg1+ Rg4 53. Qh2 b4 54. Ke3 Rxc3+ 55. Kd2 Rgg3 56. Qh1 Rce3 57. Qf1 Ref3 58. Qb1 Kg7 59. Qc2 Rb3 60. Qxb3 Rxb3 0-1

[Event "Superettan(Lulea-RockadenII, Stockholm)"]
[Site "?"]
[Date "2025.01.18"]
[Round "5"]
[White "Bator, Robert"]
[Black "Ivanisevic, Ivan"]
[Result "0-1"]
[WhiteElo "2338"]
[BlackElo "2540"]
[PlyCount "82"]
[EventDate "2025.??.??"]
[SourceVersionDate "2025.02.08"]

1. e4 c6 2. d4 g6 3. h3 d5 4. e5 f6 5. Bd3 fxe5 6. dxe5 Nd7 7. f4 Nc5 8. Nf3 Qb6 9. Nc3 Nh6 10. Ne2 Bf5 11. Ned4 Bd7 12. g4 e6 13. c3 Nxd3+ 14. Qxd3 c5 15. Ne2 Nf7 16. O-O Bb5 17. Qc2 Qa6 18. Rf2 Bd3 19. Qd1 h5 20. Ne1 Bb5 21. a4 hxg4 22. hxg4 Bc6 23. Rh2 Rxh2 24. Kxh2 O-O-O 25. Qd3 Qxd3 26. Nxd3 d4 27. c4 Bf3 28. Ng3 Bxg4 29. Ne4 Bf5 30. Nef2 Be7 31. Bd2 g5 32. Kg3 Rg8 33. Kf3 g4+ 34. Kg3 Rh8 35. Kg2 Bh4 36. Ne1 Bxf2 37. Kxf2 Rh2+ 38. Ng2 Be4 39. Rg1 Nh6 40. Kg3 Rh3+ 41. Kf2 Nf5 0-1

[Event "Superettan(Helsingborg-Orgryte)"]
[Site "?"]
[Date "2025.01.18"]
[Round "5"]
[White "Amar, Elham"]
[Black "Kristensen, Kare Hove"]
[Result "0-1"]
[WhiteElo "2539"]
[BlackElo "2266"]
[PlyCount "84"]
[SourceVersionDate "2025.02.09"]

1. e4 c5 2. Nf3 Nf6 3. e5 Nd5 4. Nc3 e6 5. Ne4 f5 6. Nc3 Nb4 7. Bc4 a6 8. a3 N4c6 9. d3 Nd4 10. O-O Nbc6 11. Re1 Qc7 12. Bf4 Nxf3+ 13. Qxf3 Nd4 14. Qd1 b5 15. Ba2 Bb7 16. Re3 O-O-O 17. Ne2 Be7 18. Nxd4 cxd4 19. Re2 g5 20. Bd2 f4 21. a4 Rdf8 22. axb5 axb5 23. Re1 Qc6 24. Re4 Qb6 25. Qe1 Bxe4 26. Qxe4 Qa7 27. Qe1 Qb7 28. Bb3 Kd8 29. Bb4 Ke8 30. Ra5 Bd8 31. Ra1 Be7 32. h4 gxh4 33. f3 Rhg8 34. Kh1 Bxb4 35. Qxb4 h3 36. Bxe6 hxg2+ 37. Kg1 dxe6 38. Qc5 Qxf3 39. Qxb5+ Kf7 40. Qd7+ Kg6 41. Qxe6+ Kh5 42. Re1 Qg3 0-1

[Event "Superettan(Vasteras-Wasa II)"]
[Site "?"]
[Date "2025.01.18"]
[Round "5"]
[White "Hamark, Jesper"]
[Black "Karlsson, Mats"]
[Result "1-0"]
[WhiteElo "2307"]
[BlackElo "2287"]
[PlyCount "89"]
[SourceVersionDate "2025.02.07"]

1. e4 g6 2. d4 Bg7 3. Nc3 d6 4. Be3 a6 5. Qd2 b5 6. O-O-O Bb7 7. f3 Nd7 8. h4 h5 9. Nh3 Rc8 10. Ng5 c5 11. e5 dxe5 12. dxe5 Bxe5 13. Nxf7 Kxf7 14. Qxd7 Qxd7 15. Rxd7 Bc6 16. Ra7 Bd4 17. Bxd4 cxd4 18. Ne2 d3 19. Nd4 dxc2 20. Rxa6 Bd7 21. Bxb5 Bxb5 22. Nxb5 Nh6 23. Re1 Nf5 24. Ra4 Ra8 25. Rxa8 Rxa8 26. Nc3 Nxh4 27. Re2 Nf5 28. Re4 h4 29. Kxc2 Rh8 30. a4 h3 31. gxh3 Rxh3 32. a5 e5 33. Rxe5 Rxf3 34. a6 Nd4+ 35. Kb1 Kg7 36. a7 Rf8 37. Nb5 Nc6 38. Rc5 Nxa7 39. Nxa7 Kh8 40. Nc6 g5 41. Ne5 Rf4 42. Kc2 g4 43. Nxg4 Rxg4 44. Kc3 Kg7 45. Rf5 1-0

[Event "Superettan(Lulea-RockadenII, Stockholm)"]
[Site "?"]
[Date "2025.01.18"]
[Round "5"]
[White "Hermansson, Emil"]
[Black "Berovski, Krum"]
[Result "1/2-1/2"]
[WhiteElo "2402"]
[BlackElo "2338"]
[PlyCount "21"]
[SourceVersionDate "2025.02.08"]

1. e4 e6 2. d4 d5 3. Nc3 Bb4 4. e5 c5 5. a3 Bxc3+ 6. bxc3 Bd7 7. Qg4 g6 8. a4 Qa5 9. Bd2 c4 10. h4 h6 11. h5 1/2-1/2

[Event "Superettan(Helsingborg-Orgryte)"]
[Site "?"]
[Date "2025.01.18"]
[Round "5"]
[White "Beerdsen, Thomas"]
[Black "Torngren, Gustav"]
[Result "1/2-1/2"]
[WhiteElo "2501"]
[BlackElo "2232"]
[PlyCount "84"]
[SourceVersionDate "2025.02.09"]

1. e4 c5 2. Nf3 Nc6 3. Bb5 e6 4. Bxc6 bxc6 5. d3 Ne7 6. h4 d6 7. h5 e5 8. h6 Ng6 9. Bg5 Qc7 10. Nbd2 f6 11. Be3 Bg4 12. g3 Rb8 13. b3 gxh6 14. Bxh6 Bxh6 15. Rxh6 Qa5 16. Kf1 d5 17. Qe1 Qc7 18. Nh2 Be6 19. Ndf3 O-O 20. Rh5 Rb7 21. Qe3 d4 22. Qd2 Qd8 23. Re1 Rg7 24. Ke2 Qb8 25. Kd1 Qb4 26. Qxb4 cxb4 27. Kd2 a5 28. Nh4 Nxh4 29. Rxh4 a4 30. g4 Ra8 31. Rb1 Rg6 32. f3 Kg7 33. Nf1 Rh6 34. Rxh6 Kxh6 35. Ng3 Kg6 36. Ne2 c5 37. Rh1 h6 38. Rh5 axb3 39. axb3 Ra2 40. Nc1 Ra1 41. Kd1 Kg7 42. Kd2 Kg6 1/2-1/2

[Event "Superettan(Vasteras-Wasa II)"]
[Site "?"]
[Date "2025.01.18"]
[Round "5"]
[White "Astrom, Goran"]
[Black "Norberg, Johan"]
[Result "0-1"]
[WhiteElo "2216"]
[BlackElo "2294"]
[PlyCount "72"]
[SourceVersionDate "2025.02.07"]

1. e4 g6 2. d4 Bg7 3. Nc3 d6 4. f4 Nf6 5. Nf3 c5 6. Bb5+ Bd7 7. Bxd7+ Nfxd7 8. d5 b5 9. Nxb5 Qa5+ 10. Nc3 Bxc3+ 11. bxc3 Qxc3+ 12. Bd2 Qc4 13. Qe2 Nb6 14. Qxc4 Nxc4 15. Bc3 O-O 16. Ke2 Nd7 17. Kd3 Ncb6 18. a4 a5 19. Rhb1 f5 20. Rb5 fxe4+ 21. Kxe4 Rf5 22. Bxa5 Nxd5 23. g3 N5f6+ 24. Kd3 Rxa5 25. Rxa5 c4+ 26. Kxc4 Rxa5 27. Kb4 Ra8 28. a5 Nc5 29. Kb5 Nd5 30. Nd4 Kf7 31. c4 Rb8+ 32. Kc6 Nb4+ 33. Kc7 Nca6+ 34. Kd7 Nc5+ 35. Kc7 Rb7+ 36. Kc8 Nba6 0-1

[Event "Superettan(Lulea-RockadenII, Stockholm)"]
[Site "?"]
[Date "2025.01.18"]
[Round "5"]
[White "Hedman, Erik"]
[Black "Mikheev, Stanislav"]
[Result "1/2-1/2"]
[WhiteElo "2267"]
[BlackElo "2206"]
[PlyCount "65"]
[SourceVersionDate "2025.02.08"]

1. e4 c5 2. Nf3 Nc6 3. Bb5 d6 4. O-O Bd7 5. Re1 Nf6 6. c3 a6 7. Bf1 Bg4 8. d4 cxd4 9. cxd4 e5 10. d5 Nd4 11. Be3 Nxf3+ 12. gxf3 Bd7 13. a4 Be7 14. Na3 O-O 15. Nc4 Nh5 16. Qb3 b5 17. axb5 Bxb5 18. Na5 Bg5 19. Nc6 Qf6 20. Bxb5 axb5 21. Rxa8 Rxa8 22. Qxb5 Bxe3 23. fxe3 Qxf3 24. Ne7+ Kf8 25. Qb7 Re8 26. Nf5 Nf6 27. Nxd6 Nxe4 28. Nxe4 Qxe4 29. Qd7 f5 30. d6 Qg4+ 31. Kh1 Qe4+ 32. Kg1 Qg4+ 33. Kh1 1/2-1/2

[Event "Superettan(Helsingborg-Orgryte)"]
[Site "?"]
[Date "2025.01.18"]
[Round "5"]
[White "Nilsson, Eskil"]
[Black "Semcesen, Daniel"]
[Result "1/2-1/2"]
[WhiteElo "2121"]
[BlackElo "2432"]
[PlyCount "59"]
[SourceVersionDate "2025.02.09"]

1. e4 e5 2. Nf3 Nc6 3. Bc4 Bc5 4. O-O d6 5. c3 Nf6 6. d3 a6 7. a4 Ba7 8. Re1 O-O 9. h3 Ne7 10. Nbd2 Ng6 11. Bb3 h6 12. d4 Re8 13. Bc2 Be6 14. Nf1 c6 15. Ng3 Qc7 16. Be3 Kh7 17. Bd3 Bb6 18. Qc2 Rad8 19. Rad1 c5 20. Ra1 Kg8 21. d5 Bd7 22. Nd2 Nf4 23. Nc4 Ba7 24. a5 Bb5 25. Bf1 Ng6 26. Nf5 Ne7 27. Ng3 Ng6 28. Nf5 Ne7 29. Ng3 Ng6 30. Nf5 1/2-1/2

[Event "Superettan(Vasteras-Wasa II)"]
[Site "?"]
[Date "2025.01.18"]
[Round "5"]
[White "Janse, Love"]
[Black "Lilliehook, Victor"]
[Result "1/2-1/2"]
[WhiteElo "2187"]
[BlackElo "1944"]
[PlyCount "81"]
[SourceVersionDate "2025.02.07"]

1. e4 c5 2. Nc3 Nc6 3. f4 g6 4. Nf3 Bg7 5. Bb5 Nd4 6. O-O a6 7. Bd3 b5 8. e5 Bb7 9. Be4 Qb6 10. Nd5 Bxd5 11. Bxd5 Rc8 12. c3 Nxf3+ 13. Qxf3 e6 14. Be4 d5 15. exd6 Qxd6 16. a4 b4 17. a5 Nf6 18. Rd1 Nxe4 19. Qxe4 O-O 20. cxb4 cxb4 21. d4 Rfd8 22. Be3 Rc4 23. Rd2 Qd5 24. Qd3 Bxd4 25. Rad1 Qc5 26. Bxd4 Rdxd4 27. Qxd4 Rxd4 28. Rxd4 Qxa5 29. Rc4 Kg7 30. h3 Qa4 31. Rd2 a5 32. Kh2 Qb3 33. Rcd4 a4 34. R4d3 Qc4 35. Rf3 a3 36. bxa3 bxa3 37. Rdf2 Qd4 38. Ra2 Qd6 39. Raxa3 e5 40. Rad3 Qc7 41. Rc3 1/2-1/2

[Event "Superettan(Lulea-RockadenII, Stockholm)"]
[Site "?"]
[Date "2025.01.18"]
[Round "5"]
[White "Ernst, Thomas"]
[Black "Kenneskog, Theodor"]
[Result "1-0"]
[WhiteElo "2270"]
[BlackElo "2266"]
[PlyCount "47"]
[SourceVersionDate "2025.02.08"]

1. e4 c5 2. Nf3 d6 3. d4 cxd4 4. Nxd4 Nf6 5. Nc3 Nc6 6. Bg5 e6 7. Qd2 a6 8. O-O-O Be7 9. f4 Bd7 10. Nf3 b5 11. a3 Qa5 12. Kb1 b4 13. axb4 Nxb4 14. Bc4 Ba4 15. Nxa4 Nxe4 16. Qd4 Nxg5 17. fxg5 Qxa4 18. Bb3 Qa5 19. Qxg7 Rf8 20. Qxh7 Bxg5 21. Nxg5 Qxg5 22. Qe4 Rb8 23. Rxd6 Rg8 24. Rxe6+ 1-0

[Event "Superettan(Helsingborg-Orgryte)"]
[Site "?"]
[Date "2025.01.18"]
[Round "5"]
[White "Johansson, Thomas"]
[Black "Troberg Eskola, Love"]
[Result "1/2-1/2"]
[WhiteElo "2177"]
[BlackElo "2086"]
[PlyCount "128"]
[SourceVersionDate "2025.02.09"]

1. e4 c6 2. Nf3 d5 3. Nc3 dxe4 4. Nxe4 h6 5. Bc4 Bf5 6. Ng3 Bh7 7. O-O e6 8. Re1 Nf6 9. a4 a5 10. b3 Be7 11. Bb2 Na6 12. Ne5 O-O 13. d3 Nb4 14. Qe2 Nbd5 15. c3 Bd6 16. d4 Qc7 17. Rad1 Rad8 18. Qf3 c5 19. Bxd5 Nxd5 20. Ne4 Bxe5 21. dxe5 Bxe4 22. Rxe4 Ne7 23. Rde1 Qb6 24. Ba3 Rd7 25. b4 cxb4 26. cxb4 Rc8 27. bxa5 Qxa5 28. Bb4 Qa6 29. Bxe7 Rxe7 30. h4 Rd7 31. Rg4 Rc4 32. Qg3 Rxg4 33. Qxg4 Qb6 34. Re4 Qb1+ 35. Kh2 Rd1 36. Rb4 Rh1+ 37. Kg3 Qe1 38. Qd4 Qg1 39. Rxb7 Qh2+ 40. Kf3 Rg1 41. Rb8+ Kh7 42. Qe4+ g6 43. Qf4 Qxg2+ 44. Ke3 Qh3+ 45. Kd2 Qf5 46. Qxf5 gxf5 47. h5 Rg2 48. Ke3 f4+ 49. Kf3 Rg5 50. Ke4 Rxh5 51. Rb7 Kg6 52. Rb1 f6 53. Rg1+ Kf7 54. exf6 Ra5 55. Ra1 e5 56. Kf5 h5 57. f3 h4 58. Ra2 h3 59. Rh2 e4+ 60. Kxf4 exf3 61. Kxf3 Rxa4 62. Rxh3 Ra3+ 63. Kg4 Rxh3 64. Kxh3 Kxf6 1/2-1/2

[Event "Superettan(Vasteras-Wasa II)"]
[Site "?"]
[Date "2025.01.18"]
[Round "5"]
[White "Rogule, Laura"]
[Black "Kretz, Johan"]
[Result "1-0"]
[WhiteElo "2219"]
[BlackElo "2146"]
[PlyCount "81"]
[SourceVersionDate "2025.02.08"]

1. d4 Nf6 2. c4 e6 3. Nf3 Bb4+ 4. Nbd2 O-O 5. a3 Bxd2+ 6. Qxd2 b6 7. e3 Bb7 8. b3 d6 9. Bb2 Nbd7 10. Be2 Qe7 11. O-O Rac8 12. Rfd1 Rfd8 13. b4 Ne4 14. Qc2 Ndf6 15. Ne1 h5 16. f3 Ng5 17. e4 h4 18. Nd3 g6 19. Nf2 Nh5 20. Nd3 Re8 21. Re1 f6 22. a4 Qh7 23. c5 Ra8 24. c6 Bc8 25. f4 Nf7 26. Bxh5 Qxh5 27. e5 g5 28. fxg5 fxe5 29. dxe5 Qg6 30. Qc3 Nxg5 31. Rf1 Ne4 32. Qe1 Ng3 33. Nf4 Qc2 34. Rf2 Qxc6 35. hxg3 hxg3 36. Rf3 Re7 37. Rxg3+ Kf7 38. Qe2 Ke8 39. Rg8+ Kd7 40. Nh5 Rf7 41. Nf6+ 1-0

[Event "Superettan(Lulea-RockadenII, Stockholm)"]
[Site "?"]
[Date "2025.01.18"]
[Round "5"]
[White "Eriksson, Dan"]
[Black "Marklund, Niklas"]
[Result "0-1"]
[WhiteElo "2202"]
[BlackElo "2137"]
[PlyCount "56"]
[SourceVersionDate "2025.02.08"]

1. e4 c5 2. c3 d6 3. d4 Nf6 4. Bd3 g6 5. Nf3 Bg7 6. O-O O-O 7. h3 Nc6 8. d5 Nb8 9. c4 Na6 10. Re1 e6 11. Nc3 Nc7 12. Bf1 Rb8 13. Bf4 Nh5 14. Bg5 f6 15. Be3 e5 16. Kh2 f5 17. exf5 gxf5 18. Ng1 Nf6 19. f3 Nh5 20. Qd2 Bd7 21. Rab1 b6 22. Bd3 e4 23. Be2 f4 24. Bxc5 e3 25. Qc2 Bf5 26. Bd3 Bxd3 27. Qxd3 bxc5 28. b3 Bxc3 0-1

[Event "Superettan(Helsingborg-Orgryte)"]
[Site "?"]
[Date "2025.01.18"]
[Round "5"]
[White "Anderzen, Robert"]
[Black "Nilsson, Anders"]
[Result "1/2-1/2"]
[WhiteElo "2073"]
[BlackElo "2167"]
[PlyCount "83"]
[EventDate "2025.??.??"]
[SourceVersionDate "2025.02.09"]

1. d4 d6 2. c4 e5 3. Nc3 Nf6 4. Nf3 Nbd7 5. g3 Be7 6. Bg2 O-O 7. O-O Re8 8. Qc2 c6 9. b4 Qc7 10. Rb1 Bf8 11. b5 exd4 12. Nxd4 c5 13. Nf5 Nb6 14. Ne3 Be6 15. Qd3 g6 16. a4 Nbd7 17. Ncd5 Bxd5 18. Bxd5 Nb6 19. Bg2 Nxa4 20. Ra1 Nb6 21. Bb2 Bg7 22. Rfd1 Red8 23. Bc3 Ne8 24. Ra2 Bxc3 25. Qxc3 a5 26. Rda1 a4 27. Nd5 Nxd5 28. Bxd5 Qb6 29. Rxa4 Rxa4 30. Rxa4 Nc7 31. Qf3 Nxd5 32. Qxd5 Re8 33. Ra2 Kg7 34. Rd2 Re6 35. h4 Qa7 36. Kg2 h5 37. e3 Qa5 38. Qd3 Qa1 39. Qd5 Qa5 40. Qd3 Qa1 41. Qc2 Kf6 42. Rd5 1/2-1/2

[Event "Superettan(Vasteras-Wasa II)"]
[Site "?"]
[Date "2025.01.18"]
[Round "5"]
[White "Eriksson, Anders"]
[Black "Verendel, Jan"]
[Result "0-1"]
[WhiteElo "2136"]
[BlackElo "1969"]
[PlyCount "94"]
[SourceVersionDate "2025.02.08"]

1. Nf3 g6 2. d4 Bg7 3. g3 b6 4. Bg2 Bb7 5. c4 e6 6. Nc3 d6 7. O-O Ne7 8. e4 O-O 9. Re1 Nd7 10. Be3 h6 11. Rb1 Rb8 12. d5 e5 13. Nd2 f5 14. f3 Nf6 15. Bf2 h5 16. h3 Bc8 17. Qe2 g5 18. b4 Ng6 19. c5 g4 20. cxd6 cxd6 21. fxg4 hxg4 22. exf5 Bxf5 23. Be4 Nxe4 24. Ndxe4 gxh3 25. Qh5 Ne7 26. g4 Bg6 27. Qxh3 Qd7 28. Rbd1 Rf4 29. Bg3 Qxg4 30. Qxg4 Rxg4 31. Kg2 Rc8 32. Kf3 Bh5 33. Kf2 Nf5 34. Rd3 Rc4 35. a3 Nxg3 36. Nxg3 Rgf4+ 37. Kg2 Bg6 38. Rde3 Bh6 39. Nb5 Rg4 40. Rc3 Rxc3 41. Nxc3 Bd2 42. Re4 Bf4 43. Rc4 Rxg3+ 44. Kf2 Rd3 45. a4 Bd2 46. Nb5 Rxd5 47. Nxa7 e4 0-1

[Event "Superettan(Lulea-RockadenII, Stockholm)"]
[Site "?"]
[Date "2025.01.18"]
[Round "5"]
[White "Hovhannisyan, Hrayr"]
[Black "Zadruzny, Nicolaj"]
[Result "0-1"]
[WhiteElo "2238"]
[BlackElo "2231"]
[PlyCount "114"]
[SourceVersionDate "2025.02.08"]

1. d4 Nf6 2. Nf3 d5 3. c4 e6 4. g3 Bb4+ 5. Bd2 Be7 6. Bg2 O-O 7. O-O c6 8. Qc2 b6 9. Nc3 Ba6 10. b3 Nbd7 11. Rfd1 b5 12. e4 bxc4 13. e5 Ne8 14. h4 c5 15. Bg5 h6 16. Bf4 Rc8 17. dxc5 Nxc5 18. b4 Nd3 19. b5 Bb7 20. Rxd3 cxd3 21. Qxd3 Qa5 22. Ne2 Qa3 23. Qd1 d4 24. Nexd4 Nc7 25. Bc1 Qc5 26. Be3 Qa3 27. Bc1 Qc3 28. Bd2 Qd3 29. Qa4 Bxf3 30. Nxf3 Nxb5 31. Be3 Na3 32. Qxa7 Bb4 33. Qd4 Qc4 34. Rd1 Bc5 35. Qd2 Bxe3 36. Qxe3 Qxa2 37. Bf1 Rfd8 38. Rd3 Nc4 39. Qe4 Nb2 40. Re3 Rc1 41. Kg2 Nd1 42. Re2 Nc3 43. Rxa2 Nxe4 44. Rb2 Rc5 45. g4 Ra5 46. Rb4 Nc5 47. Nd4 Ra4 48. Rxa4 Nxa4 49. Nc6 Rd2 50. Kf3 Rc2 51. Bb5 Nb6 52. Nd4 Rc3+ 53. Ke4 Nd5 54. Bc6 Nb4 55. Bd7 Nd3 56. Nb5 Nxf2+ 57. Kf4 Rc4+ 0-1

[Event "Superettan(Helsingborg-Orgryte)"]
[Site "?"]
[Date "2025.01.18"]
[Round "5"]
[White "Rosell, Tomas"]
[Black "Eksmyr, Johan"]
[Result "0-1"]
[WhiteElo "2180"]
[BlackElo "2097"]
[PlyCount "84"]
[SourceVersionDate "2025.02.09"]

1. e4 c6 2. Nc3 d5 3. Nf3 Bg4 4. h3 Bh5 5. exd5 cxd5 6. Bb5+ Nc6 7. g4 Bg6 8. Ne5 Rc8 9. d4 e6 10. Qe2 Bb4 11. h4 Nge7 12. h5 Be4 13. f3 a6 14. Bxc6+ Nxc6 15. Nxc6 Rxc6 16. Bd2 Bxc2 17. a3 Be7 18. Bf4 Bh4+ 19. Kf1 Bb3 20. Kg2 Bf6 21. Be3 b5 22. f4 Qb6 23. Qf2 Rc4 24. Ne2 Bc2 25. Rhc1 O-O 26. Nc3 Bb3 27. Ne2 Rfc8 28. g5 Be7 29. f5 Qd8 30. g6 hxg6 31. hxg6 fxg6 32. fxg6 Qf8 33. Qg3 Rxc1 34. Rxc1 Rxc1 35. Bxc1 Bc2 36. Nf4 Qf5 37. Qc3 Qg4+ 38. Kh2 Bxg6 39. Qc8+ Kf7 40. Qxa6 Qh4+ 41. Kg1 Qg3+ 42. Kf1 Bd3+ 0-1